| 000 | 00468nam a2200193Ia 4500 | ||
|---|---|---|---|
| 003 | GCL | ||
| 008 | 140319s9999 xx 000 0 eng d | ||
| 040 |
_aGCL / _cGCL |
||
| 082 | 0 | 4 |
_aCC _b291.23 _bP M |
| 100 | 1 | _aPUTNAM, JAMES | |
| 245 | 1 | 0 |
_aMUMMY / _cPUTNAM, JAMES |
| 700 | 1 | _aHAYMAN, PETER | |
| 260 |
_a[S.N] : _bDARLING KINDERSLEY ، _c1997 |
||
| 300 | _a63 P | ||
| 650 | 0 | 4 | _aANCIENT EGYPT |
| 650 | 0 | 4 | _aHISTORY |
| 650 | 0 | 4 | _aEGYPT - MUMMY |
| 942 |
_2ddc _cBK |
||
| 999 |
_c15947 _d15947 |
||